| 000 | 01579cam a2200421 i 4500 | ||
|---|---|---|---|
| 001 | 18932917 | ||
| 003 | NUST | ||
| 005 | 20211007123436.0 | ||
| 008 | 160111s2016 pk af b 000 0 eng | ||
| 010 | _a 2015328253 | ||
| 020 | _a978-9699837067 | ||
| 025 | _aP-E-2015328253; 15 | ||
| 037 | _bLibrary of Congress -- Islamabad Overseas Office | ||
| 038 | _aFaiza | ||
| 040 |
_aDLC _beng _cDLC _erda |
||
| 042 | _alcode | ||
| 043 |
_aa-pk--- _aa-bg--- _aa-ii--- |
||
| 050 | 0 | 0 |
_aDS395.5 _b.A37 2016 |
| 082 |
_a954.92051 _bAFR |
||
| 100 | 0 |
_aAfrasiab, _eauthor. _99224 |
|
| 245 | 1 | 0 |
_a1971 fact and fiction : _bviews and perceptions in Pakistan, India and Bangladesh / _cAfrasiab. |
| 246 | 3 | _aNinteen seventy one fact and fiction | |
| 264 | 1 |
_aIslamabad : _bCGSS Publication, _c2021. |
|
| 300 |
_a710 pages, : _bsome color illustrations ; _c23 cm |
||
| 336 |
_atext _btxt _2rdacontent |
||
| 337 |
_aunmediated _bn _2rdamedia |
||
| 338 |
_avolume _bnc _2rdacarrier |
||
| 504 | _aIncludes bibliographical references (pages 613-619). | ||
| 563 | _aPaperback | ||
| 651 | 0 |
_aBangladesh _xHistory _yRevolution, 1971 _xPublic opinion. _94793 |
|
| 651 | 0 |
_aPakistan _xForeign relations _zBangladesh _xPublic opinion. _94794 |
|
| 651 | 0 |
_aBangladesh _xForeign relations _zPakistan _xPublic opinion. _94795 |
|
| 651 | 0 |
_aPakistan _xForeign relations _zIndia _xPublic opinion. _94796 |
|
| 651 | 0 |
_aIndia _xForeign relations _zPakistan _xPublic opinion. _94797 |
|
| 906 |
_a7 _bcbc _corigode _d3 _encip _f20 _gy-gencatlg |
||
| 942 |
_2ddc _cBK |
||
| 999 |
_c586493 _d586493 |
||